Podnikateľské riziká v roku 2009 áno, firmy najviac ohrozuje úverová kríza a globálna recesia

V čase finančnej krízy podnikatelia vyhodnocujú rôzne riziká pozornejšie ako inokedy. Pohľad na rebríček 10 hlavných rizík v roku 2009. Konkurencia počas krízy. Goodwill a ekológia.

Salvato in:
Dettagli Bibliografici
Natura: Capitolo di libro
Lingua:slovacco
Soggetti:
Tags: Aggiungi Tag
Nessun Tag, puoi essere il primo ad aggiungerne!!

MARC

LEADER 00000naa$a2200000$$$4500
001 0095638
005 20220725111538.9
041 0 |a slo 
044 |a SK 
245 1 0 |a Podnikateľské riziká v roku 2009  |b áno, firmy najviac ohrozuje úverová kríza a globálna recesia 
520 |a V čase finančnej krízy podnikatelia vyhodnocujú rôzne riziká pozornejšie ako inokedy. Pohľad na rebríček 10 hlavných rizík v roku 2009. Konkurencia počas krízy. Goodwill a ekológia. 
610 2 0 |a riziko podnikateľské 
610 2 0 |a goodwill 
610 2 0 |a politika podniková 
610 2 0 |a kríza finančná